00289 2200121 4500001002100000005001500021035002000036245004300056260003600099082000800135084001200143990001200155INLIS00000000000259720250605021842 a0010-0625000183 aKamus Lingkungan /cDrs. H. A. Mustofa aJakarta :bRineka Cerita,c2002 a603 a603 KAM a0320397